| 000 | 00787nam a2200253Ia 4500 | ||
|---|---|---|---|
| 003 | OSt | ||
| 005 | 20221005071314.0 | ||
| 006 | a|||||r|||| 00| 0 | ||
| 007 | ta | ||
| 008 | 221004b |||||||| |||| 00| 0 eng d | ||
| 020 |
_a9788173056239 (hbk) _cINR 2800.00 |
||
| 024 | _a66887 | ||
| 037 |
_b113, 24/01/2020, Classic Book Service _cTextual |
||
| 040 |
_aCRL _cCRL _beng |
||
| 041 |
_2eng _aeng |
||
| 082 | _aY:1.2, Q9 | ||
| 100 | _aSingh Anil Kumar Ed. | ||
| 245 | 0 |
_aDialogue of civilizations _b India and Greece |
|
| 260 |
_aNew Delhi _bAryan Books International India _c2019 |
||
| 650 | _a SOCIOLOGY | ||
| 650 |
_aCIVILIZATION _9131607 |
||
| 942 |
_hY:1.2, Q9 _cTEXL _2cc |
||
| 999 |
_c977635 _d977635 |
||